| 000 | 00785cam a2200289 4500 | ||
|---|---|---|---|
| 001 | J83841 | ||
| 008 | 090401t1997 xxu||||| |||| 00| 0 eng d | ||
| 020 | _a1859460283 | ||
| 035 | _a(Sirsi) u78228 | ||
| 041 | _aeng | ||
| 050 | _a692.2 | ||
| 110 |
_aRoyal Institute of British Architects _92527 |
||
| 245 | _aArchitect`s guide to job administration: The Party Wall etc. Act 1996. | ||
| 260 |
_aLondon _bRIBA Publications _c1997 |
||
| 300 | _a55p. : ill. ; 30cm. | ||
| 350 | _a17.5 | ||
| 650 | _aARCHITECTS | ||
| 650 | _aJOB ADMINISTRATION | ||
| 650 | _aMODEL FORMS | ||
| 650 | _aPARTY WALL ETC. ACT 1996 | ||
| 650 |
_aParty walls _96258 |
||
| 690 | _aBUILT ENVIRONMENT | ||
| 700 | _aCox, Stanley | ||
| 700 | _aHamilton, Alaine | ||
| 942 | _n0 | ||
| 948 | _c08/05/1997 | ||
| 999 |
_c96410 _d96410 |
||